Sports Quiz

Random Sports Quiz
Score 0/40 Timer 12:00
0 Plays Today
Club Joueur % Correct
Lyon, Monaco, Barcelone, Rome, PSG, Monaco, LorientLudovic Giuly
85.3%
Montpellier, Naples, Nimes, Saint-Etienne, Auxerre, Barcelone, OM, Inter Milan, Manchester UnitedLaurent Blanc
71.3%
Newell's Old Boys, Valladolid, Sporting, PSG, Manchester United, Real Madrid, OM, Rome, Newell's Old BoysGabriel Heinze
70%
Saint-EtienneLoic Perrin
66%
Martigues, Monaco, Bordeaux, PSG, Manchester City, Al Rayyan, Qatar SCAli Benarbia
54%
Auxerre, Juventus, Monaco, Levante, Birmingham, Wigan, Boulogne, Celtic, Al Alhy, Auxerre, Leviadakos, KielceOlivier Kapo
50.3%
Kyoto, Le Mans, Saint-Etienne, Grenoble, Tom Tomsk, Dijon, Slavia Sofia, Luchia Gdansk, Iwata, Odra OpoleDaisuke Matsui
49%
Rosario, Nantes, Toulouse, Palerme, Lille, San LorenzoMauro Cetto
40%
Abidjan, Al Gharrafa, Lorient, Nice, OM, Lekhwiya, Qatar SC, Umm Salal, Ajman, Paris FC Bakari Koné
39%
Monaco, PSGKylian Mbappe
37.7%
Angers, Chateauroux, Ajaccio, Angers, Beauvais, Angoulême, Valenciennes, CaenSteve Savidan
37.7%
Auxerre, Chateauroux, Troyes, Caen, TroyesBenjamin Nivet
37.3%
Guingamp, Lens, PSG, AnkaragucuCharles-Edouard Coridon
36.7%
Niort, Auxerre, Lyon, AuxerrePhilippe Violeau
35.3%
Lyon, PSG, OM, Vigo, Bastia, Istres, ChateaurouxFlorian Maurice
35.3%
Martigues, Niort, Le Mans, Lens, Rangers, Hull, LarissaDaniel Cousin
34.7%
Nantes, Bastia, Rennes, Bordeaux, Lens, La Corogne, Bordeaux, Nantes, Servette, Bastia, AjaccioStephane Ziani
30.7%
Tunis, Lens, Caen, Auxerre, Brest, Koweit, Al Sailiya, DubaiIssam Jemaa
29%
Niort, Reims, Nancy, Rennes, CaenJulien Feret
29%
Valenciennes, Guingamp, Lens, Toulouse, Rennes, Grenoble, BoulogneDaniel Moreira
28.3%
Club Joueur % Correct
Barcelone, Lyon, Celtic, Novgorod, Santos Laguna, Leones Negros, Cruz Azul, TenerifeMarc Crosas
27.3%
Amiens, Laval, Angers, Caen, Valenciennes, Bordeaux, Troyes, Melbourne, BrisbaneFahid Ben Khalfallah
27.3%
Nantes, BoulogneFrédéric Da Rocha
27.3%
Créteil, Nice, PSG, Auxerre, PSGSammy Traoré
26.3%
Santo André, Rio Branco, Sao Caetano, CD Nacional, Cruzeira, Lyon, Sao Paulo, FluminenseFabio Santos
25.3%
Le Mans, Montpellier, OMMorgan Sanson
25.3%
Gueugnon, Sochaux, Le Havre, Lyon, Nantes, Le HavreAlain Caveglia
24%
Auxerre, Sochaux, Guingamp, AuxerreLionel Mathis
22.3%
Lens, Coventry, Sochaux, Saint-Etienne, LensJean-Guy Wallemme
21%
Saint-Etienne, Lens, Nice, BastiaJulien Sablé
20.7%
Toulouse, Bordeaux, Lille, SochauxTeddy Richert
19.7%
Nimes, Auxerre, Bastia, Rennes, Nice, MontpellierCyril Jeunechamp
19.7%
Valence, Caen, Brest, Lille, Gazelec AjaccioSteeve Elana
18.3%
Auxerre, Gueugnon, AuxerreFabien Cool
17%
Caen, Lille, CaenGregory Tafforeau
16.7%
Caen, Cherbourg, Clermont, BrestBruno Grougi
16%
Cannes, Bordeaux, GrenobleDavid Jemmali
15.7%
Lens, Créteil, Nice, Sochaux, MontpellierRomain Pitau
13%
Nimes, Guingamp, Lorient, MetzYann Jouffre
11%
Le Mans, Auxerre, Le Mans, GrenobleFrédéric Thomas
9.3%
Remove Ads.
Support Sporcle.
Get the best of Sporcle when you Go Orange. This ad-free experience offers more features, more stats, and more fun while also helping to support Sporcle. Thank you for becoming a member.

You're not logged in!

Compare scores with friends on all Sporcle quizzes.
OR
Log In

Sporcle TV

Today on Sporcle TV


Watch our educational content, quiz creation guides, and fun videos on Sporcle TV.

Show Comments

Extras

Created Jan 16, 2018ReportNominate
Tags:1990, club, ligue, Ligue 1

Top Quizzes Today


Score Distribution

Paid Content

Your Account Isn't Verified!

In order to create a playlist on Sporcle, you need to verify the email address you used during registration. Go to your Sporcle Settings to finish the process.

Report this User

Report this user for behavior that violates our Community Guidelines.

Details: